000 00884nmm a2200265 a 4500
001 ocm000642300
003 TR-IsHL
005 20201028132521.0
008 131030s2012 tu tur
007 cr cn
020 _a9789758312696
035 _a642300
_b(N$T)
050 0 4 _aBF1566
_b.A57 2012
090 0 4 _aBF1566
_b.A57 2012
100 1 _aAltunay, Erhan
245 1 0 _aKadim cadılık öğretisi: Wicca
_h[electronic resource] /
_cErhan Altunay
260 _aİstanbul :
_bSınır Ötesi Yayınları,
_c2012
300 _a184 p.
650 4 _aFelsefe, Psikoloji ve Din
650 4 _aPhilosophy, Psychology and Religion
650 0 _aBüyücülük
650 0 _aWitchcraft
650 7 _aRELIGION / Wicca (see also BODY, MIND & SPIRIT / Witchcraft) *
_2bisacsh
856 4 0 _uhttp://search.ebscohost.com/login.aspx?direct=true&scope=site&db=e011xww&AN=642300
999 _c5135
_d5135